| 000 | 00885nas a2200289 4500 | ||
|---|---|---|---|
| 001 | BR0405390 | ||
| 003 | BR-BrBNA | ||
| 005 | 20231205104946.0 | ||
| 007 | ta | ||
| 008 | 230509b bl.|||p| |||| 00| 00por d | ||
| 040 |
_aBR-BrBNA _bpor _cBiblioteca Nacional de Agricultura |
||
| 041 | _a(Pt) | ||
| 072 | _aF02; F30 | ||
| 100 | 1 | _aRibeiro, V.G. | |
| 100 | 1 | _aScarpare Filho, J.A. | |
| 245 | 1 | _aFertilidade de gemas em cultivares de uvas apirênicas tratadas com benziladenina e cycocel | |
| 650 | _aUVA | ||
| 650 | _aVARIEDADE | ||
| 650 | _aGEMA | ||
| 650 | _aFERTILIDADE | ||
| 650 | _aBROTAÇÃO | ||
| 650 | _aFISIOLOGIA REPRODUTIVA | ||
| 650 | _aREGULADOR DE CRESCIMENTO | ||
| 773 | 0 |
_tCiência e Agrotecnologia (Brazil) _xISSN 1413-7054 _g(Dec 2003), v. 27(Special number) p. 1516-1521 _wBR0405390 |
|
| 909 |
_a202311 _bLúcia _c55 _dLúcia Elande |
||
| 942 |
_2AGRIS _n0 _cANA |
||
| 999 |
_c180495 _d180495 |
||